000 00438nam a2200181Ia 4500
001 2993
005 20260306144848.0
008 260306t1987||||xx |||||||||||||| ||spa||
041 _aESP
082 _a240
_bA181
100 _aAubert, Jean-marie
_eAUT
245 0 _aCompendio de la moral católica:
_bla fe vivida
260 _c1987
300 _a455 páginas :
_c21 cm.
650 _aGEN
654 _aCHU
942 _cLIB
_dJUS
_fJUS
_2ddc
_n
999 _c2993
_d2993